Rajashra arthabigyan (Record no. 11444)

MARC details
000 -LEADER
fixed length control field 00482nam a22001937a 4500
005 - DATE AND TIME OF LATEST TRANSACTION
control field 20221114110115.0
008 - FIXED-LENGTH DATA ELEMENTS--GENERAL INFORMATION
fixed length control field 221114b ||||| |||| 00| 0 eng d
020 ## - INTERNATIONAL STANDARD BOOK NUMBER
International Standard Book Number 9789391883195
040 ## - CATALOGING SOURCE
Original cataloging agency IN-DiNC
Transcribing agency IN-DiNC
041 ## - LANGUAGE CODE
Language code of sung or spoken text Assamese
082 ## - DEWEY DECIMAL CLASSIFICATION NUMBER
Classification number 336
100 ## - MAIN ENTRY--PERSONAL NAME
Personal name Ahmed Rafique
Relator term Author
245 ## - TITLE STATEMENT
Title Rajashra arthabigyan
Statement of responsibility, etc. By Rafique Ahmed
250 ## - EDITION STATEMENT
Edition statement 1st ed.
260 ## - PUBLICATION, DISTRIBUTION, ETC.
Place of publication, distribution, etc. Jorhat
Name of publisher, distributor, etc. Unika Prakashan
Date of publication, distribution, etc. 2022
300 ## - PHYSICAL DESCRIPTION
Extent 304p.
650 ## - SUBJECT ADDED ENTRY--TOPICAL TERM
Topical term or geographic name entry element Public economics
942 ## - ADDED ENTRY ELEMENTS (KOHA)
Source of classification or shelving scheme Dewey Decimal Classification
Koha item type Books
Holdings
Withdrawn status Lost status Source of classification or shelving scheme Damaged status Not for loan Collection code Home library Current library Shelving location Date acquired Cost, normal purchase price Total Checkouts Full call number Barcode Date last seen Date last checked out Copy number Price effective from Koha item type
    Dewey Decimal Classification     Economics Central Library, Naharkatiya College Central Library, Naharkatiya College General Stacks 14/11/2022 350.00 32 336 29137 16/02/2026 02/02/2026 1 14/11/2022 Books
    Dewey Decimal Classification     Economics Central Library, Naharkatiya College Central Library, Naharkatiya College General Stacks 14/11/2022 350.00 24 336 29138 18/12/2025 15/12/2025 2 14/11/2022 Books
    Dewey Decimal Classification     Economics Central Library, Naharkatiya College Central Library, Naharkatiya College General Stacks 14/11/2022 350.00 28 336 29139 10/03/2026 10/12/2025 3 14/11/2022 Books

Naharkatiya College © 2020. All rights reserved.

Powered By